| 000 | 01408nam a2200373 a 4500 | ||
|---|---|---|---|
| 001 | 000015083 | ||
| 003 | DO-SdBNP | ||
| 005 | 20170927104129.0 | ||
| 007 | 000015083 | ||
| 008 | 100201s2003 dr ac 001 0 spa d | ||
| 020 | _a9993496308 | ||
| 040 |
_aBPMSU _bspa _cBPMSU |
||
| 082 |
_aRD860.44 _bP438zL |
||
| 100 | 1 |
_aPérez, Odalís G., _d1952- |
|
| 245 | 1 | 3 |
_aLa identidad negada : _blos caminos de la patria montonera / _cOdalís G. Pérez. |
| 260 |
_aSanto Domingo : _bIdentidades vivas, _c2003. _fManatí |
||
| 300 |
_a247 p. : _bil., retrs. ; _c23 cm. |
||
| 490 | 1 | _aNueva visión del pensamiento dominicano. | |
| 504 | _aBibliografía : p. 227-231. | ||
| 600 | 1 | 4 |
_aFRANCISCO, RAMÓN, _d1929- _tPATRIA MONTONERA |
| 600 | 1 | 4 |
_aFRANCISCO, RAMÓN, _d1929- _xCRÍTICA E INTERPRETACIÓN |
| 650 | 4 |
_aPOESÍA DOMINICANA _xHISTORIA Y CRÍTICA _ySIGLO XX |
|
| 650 | 4 |
_aLITERATURA DOMINICANA _xHISTORIA Y CRÍTICA _ySIGLO XX |
|
| 830 | 0 | _aNueva visión del pensamiento dominicano | |
| 910 | _aValidado. Control de calidad BNPHU | ||
| 930 | 1 |
_lBND01 _mLF1 _820100201 _f02 _pHD _g9691 _he. 3 |
|
| 930 | 1 |
_lBND01 _mLF1 _820100201 _f01 _pHD _g9690 _he. 2 |
|
| 942 |
_2ddc _cBK |
||
| 945 | _aInventariado, 2017/MFF | ||
| 956 |
_aSARMENTERO _b10 _c20100201 _lBND01 _h0854 |
||
| 956 |
_aMGARCIA _b10 _c20100913 _lBND01 _h1502 |
||
| 956 |
_aMMOLINA _b40 _c20110317 _lBND01 _h1540 |
||
| 956 |
_aVMATEO _b10 _c20150805 _lBPMSU _h00151 |
||
| 999 |
_c8081 _d8081 |
||